Statistics for Brother Bear Chracters Quiz

Click here to take the quiz!

General Stats

  • This quiz has been taken 71 times
  • The average score is 5 of 8

Answer Stats

DescriptionCharacter% Correct
A wisecracking grizzly bear cub who helps Kenai on his journey to where the Lights Touch the EarthKoda
93%
The middle brotherDenahi
89%
The younger brother of Sitka and Denahi, who, after needlessly killing a bear, is turned into one himself to teach him to see another's eyes, feel through another's heart, and discover the true meaning of brotherhoodKenai
89%
The oldest brotherSitka
87%
A comic Canadian mooseRutt
51%
The shaman-woman of Kenai's tribeTanana
49%
Another comic Canadian mooseTuke
49%
A wise old grizzly bearTug
30%

Score Distribution

Percentile by Number Answered

Percent of People with Each Score

Your Score History

You have not taken this quiz